000 00702nam a2200289Ia 4500
005 20260324133838.0
008 008 260324s9999 xx 000 0 eng d
020 _a9781315786063
037 _aEBOOK
040 _aCRL
040 _beng
040 _cCRL
041 _2eng
041 _aeng
084 _qCRL
100 _aElayne Clift
_91194610
245 0 _aWomen's Encounters with the Mental Health Establishment
245 0 _bEscaping the Yellow Wallpaper
260 _bTaylor and Francis
260 _c2002
365 _a
365 _b170
856 _uhttp://www.taylorfrancis.com/books/9781315786063
942 _cEBOOK
999 _c1794080
_d1794080